000 00301nam a22001337a 4500
008 170619b xxu||||| |||| 00| 0 eng d
020 _a9780023917523
041 _aeng
080 _24TH
_a32
100 _a20
101 _aSHP
245 _aSTRANGERS TO THESE SHORES
_cPARRILLO,V.N
942 _2udc
_cBK
999 _c18080
_d18080